Catálogo - Centro de Recursos para el Aprendizaje y la Investigación

Volver al Sitio - CRAI Biblioteca

La alfabetización inicial el derecho a aprender y crecer : (Registro nro. 113813)

Detalles MARC
000 -CABECERA
campo de control de longitud fija 02126nam a2200313 4500
001 - NÚMERO DE CONTROL
campo de control 113813
003 - IDENTIFICADOR DEL NÚMERO DE CONTROL
campo de control DR-UNIBE
005 - FECHA Y HORA DE LA ÚLTIMA TRANSACCIÓN
campo de control 20250701153340.0
008 - DATOS DE LONGITUD FIJA--INFORMACIÓN GENERAL
campo de control de longitud fija 250701b2016 dr ||||| |||| 00| 0 spa d
040 ## - FUENTE DE LA CATALOGACIÓN
Centro catalogador/agencia de origen BIBLIOTECA UNIBE
Lengua de catalogación spa
Centro/agencia transcriptor BIBLIOTECA UNIBE
Normas de descripción rda
041 ## - CÓDIGO DE LENGUA
Código de lengua del texto/banda sonora o título independiente spa
082 ## - NÚMERO DE LA CLASIFICACIÓN DECIMAL DEWEY
Número de edición 22
Número de clasificación RD 372. 24 R426a
110 10 - ENTRADA PRINCIPAL--NOMBRE DE ENTIDAD CORPORATIVA
Nombre de entidad corporativa o nombre de jurisdicción como elemento de entrada República Dominicana. Ministerio de Educación (MINERD). Viceministerio de Servicios Técnicos y Pedagógicos
9 (RLIN) 196806
245 13 - MENCIÓN DE TÍTULO
Título La alfabetización inicial el derecho a aprender y crecer :
Resto del título un aporte a la comprensión de los procesos de alfabetización inicial, dirigido a maestras y maestros alfabetizadores de 1ro, 2do y 3er grado /
Mención de responsabilidad, etc. Ministerio de Educación (MINERD)
260 ## - PUBLICACIÓN, DISTRIBUCIÓN, ETC.
Lugar de publicación, distribución, etc. Santo Domingo:
Nombre del editor, distribuidor, etc. Ministerio de Educación (MINERD),
Fecha de publicación, distribución, etc. 2016
300 ## - DESCRIPCIÓN FÍSICA
Extensión 88 páginas :
Otras características físicas cuadros, dibujos ;
Dimensiones 27 x 221 cm
490 ## - MENCIÓN DE SERIE
Mención de serie Sistema de apoyo a los aprendizajes
505 ## - NOTA DE CONTENIDO CON FORMATO
Nota de contenido con formato Presentación |<br/>Primera parte.<br/>1. Evolución del concepto de alfabetización |<br/>2. Teorías y métodos tradicionales de alfabetización |<br/>3. Antecedentes de alfabetización inicial en República Dominicana |<br/>4. Concepción de la infancia y la niñez |<br/>5. Teorías y enfoques actuales de la lengua escrita |<br/>Segunda parte .<br/>6. Las niñas y los niños como sujetos cognoscentes |<br/>7. Cómo intervienen los docentes para favorecer los procesos del alfabetización inicial |<br/>8. Orientaciones del modelo pedagógico del primer ciclo acerca de la alfabetización inicial |<br/>9. A modo de cierre |<br/>10. Referencias<br/><br/>
650 #7 - PUNTO DE ACCESO ADICIONAL DE MATERIA--TÉRMINO DE MATERIA
Fuente del encabezamiento o término lemb
Término de materia o nombre geográfico como elemento de entrada Alfabetización (Educación)
650 #7 - PUNTO DE ACCESO ADICIONAL DE MATERIA--TÉRMINO DE MATERIA
Fuente del encabezamiento o término lemb
Término de materia o nombre geográfico como elemento de entrada Educación primaria
Subdivisión geográfica República Dominicana
9 (RLIN) 4432
650 #7 - PUNTO DE ACCESO ADICIONAL DE MATERIA--TÉRMINO DE MATERIA
Fuente del encabezamiento o término lemb
Término de materia o nombre geográfico como elemento de entrada Educación preescolar
Subdivisión general República Dominicana
9 (RLIN) 28502
700 10 - PUNTO DE ACCESO ADICIONAL--NOMBRE DE PERSONA
Nombre de persona Castillo, Lilliam
9 (RLIN) 196871
Término indicativo de función/relación redacción
700 10 - PUNTO DE ACCESO ADICIONAL--NOMBRE DE PERSONA
Nombre de persona Incháustegui, María Isabel
9 (RLIN) 43909
Término indicativo de función/relación redacción
700 10 - PUNTO DE ACCESO ADICIONAL--NOMBRE DE PERSONA
Nombre de persona Ceballos Díaz, Rita Ma.
9 (RLIN) 196846
Término indicativo de función/relación coordinador
700 10 - PUNTO DE ACCESO ADICIONAL--NOMBRE DE PERSONA
Nombre de persona Gómez, Onelda Ma.
9 (RLIN) 196872
Término indicativo de función/relación coordinador
700 10 - PUNTO DE ACCESO ADICIONAL--NOMBRE DE PERSONA
Nombre de persona Cuesta Soriano, Modesto
9 (RLIN) 151811
Término indicativo de función/relación corrector de estilo
700 10 - PUNTO DE ACCESO ADICIONAL--NOMBRE DE PERSONA
Nombre de persona Montás D´Oleo, Bertha Marcily
9 (RLIN) 196779
Término indicativo de función/relación diseñador
-- diagramador
942 ## - ELEMENTOS DE PUNTO DE ACCESO ADICIONAL (KOHA)
Fuente del sistema de clasificación o colocación Sistema de Clasificación Decimal Dewey
Tipo de ítem Koha Libro (general)
Existencias
Estado de retiro Estado de pérdida Fuente del sistema de clasificación o colocación No para préstamo Código de colección Localización permanente Fecha de adquisición Total de préstamos Signatura topográfica completa Código de barras Fecha visto por última vez Número de copia Precio válido a partir de Tipo de ítem Koha
  Disponible Sistema de Clasificación Decimal Dewey   General - Libros dominicanos Biblioteca Central UNIBE 10/06/2025   RD 372.24 R426a 250716 01/07/2025 Ej. 1 01/07/2025 Libro (general)